Introducing and managing academic library automation projects (Record no. 20115)
[ view plain ]
| 000 -LEADER | |
|---|---|
| fixed length control field | 01414nam a2200337 a 4500 |
| 082 04 - DEWEY DECIMAL CLASSIFICATION NUMBER | |
| Classification number | 027.7/0285 |
| 245 00 - TITLE STATEMENT | |
| Title | Introducing and managing academic library automation projects |
| 260 ## - PUBLICATION, DISTRIBUTION, ETC. (IMPRINT) | |
| Place of publication | Westport, Conn. : |
| Name of publisher | Greenwood Press, |
| Year of publication | 1996. |
| 300 ## - PHYSICAL DESCRIPTION | |
| Number of Pages | x, 187 p. : |
| Other physical details | ill. |
| 490 1# - SERIES STATEMENT | |
| Series statement | The Greenwood library management collection, |
| 650 #0 - SUBJECT ADDED ENTRY--TOPICAL TERM | |
| Topical Term | Academic libraries |
| Topical Term | Academic libraries |
| 700 1# - ADDED ENTRY--PERSONAL NAME | |
| Personal name | Head, John W. |
| Personal name | McCabe, Gerard B. |
| 856 40 - ELECTRONIC LOCATION AND ACCESS | |
| Uniform Resource Identifier | http://site.ebrary.com/lib/rucke/Doc?id=10001976 |
No items available.
